<?xml version="1.0" encoding="UTF-8"?><?xml-stylesheet type="text/xsl" href="static/style.xsl"?><OAI-PMH xmlns="http://www.openarchives.org/OAI/2.0/" xmlns:xsi="http://www.w3.org/2001/XMLSchema-instance" xsi:schemaLocation="http://www.openarchives.org/OAI/2.0/ http://www.openarchives.org/OAI/2.0/OAI-PMH.xsd"><responseDate>2026-04-13T06:56:26Z</responseDate><request verb="GetRecord" identifier="oai:www.recercat.cat:2117/105225" metadataPrefix="marc">https://recercat.cat/oai/request</request><GetRecord><record><header><identifier>oai:recercat.cat:2117/105225</identifier><datestamp>2025-07-23T06:21:01Z</datestamp><setSpec>com_2072_1033</setSpec><setSpec>col_2072_452951</setSpec></header><metadata><record xmlns="http://www.loc.gov/MARC21/slim" xmlns:dcterms="http://purl.org/dc/terms/" xmlns:xsi="http://www.w3.org/2001/XMLSchema-instance" xmlns:doc="http://www.lyncode.com/xoai" xsi:schemaLocation="http://www.loc.gov/MARC21/slim http://www.loc.gov/standards/marcxml/schema/MARC21slim.xsd">
   <leader>00925njm 22002777a 4500</leader>
   <datafield ind2=" " ind1=" " tag="042">
      <subfield code="a">dc</subfield>
   </datafield>
   <datafield ind2=" " ind1=" " tag="720">
      <subfield code="a">Olivar Morente, Ariadna</subfield>
      <subfield code="e">author</subfield>
   </datafield>
   <datafield ind2=" " ind1=" " tag="260">
      <subfield code="c">2016-09</subfield>
   </datafield>
   <datafield ind2=" " ind1=" " tag="520">
      <subfield code="a">Aquest projecte es centra en potenciar i incrementar les funcionalitats d’un programari de&#xd;
simulació basada en esdeveniments discrets, Arena, mitjançant el desenvolupament d’una eina &#xd;
informàtica complementària capaç de realitzar anàlisis complexes a partir de les dades obtingudes &#xd;
en la simulació.&#xd;
&#xd;
Entorn d’aquesta finalitat sorgeixen diversos objectius per assolir com el fet que l’eina &#xd;
desenvolupada pugui comunicar-se de forma eficient amb el programari de simulació, que incorpori &#xd;
les funcionalitats més rellevants en un estudi de simulació, que presenti una bona usabilitat i que &#xd;
sigui fàcil de distribuir.&#xd;
&#xd;
En base a aquests propòsits, l’eina triada per al desenvolupament del projecte ha estat Microsoft &#xd;
Excel, i les comunicacions entre les dues eines s’han codificat utilitzant el llenguatge de &#xd;
programació orientat a objectes Visual Basic for Applications.&#xd;
&#xd;
En aquest document es realitza en primer lloc una introducció a la simulació basada en &#xd;
esdeveniments discrets de sistemes de fabricació flexible i es descriuen matemàticament els &#xd;
diferents anàlisis i funcions que s’han utilitzat en el desenvolupament d’aquesta eina. Dins del &#xd;
contingut teòric s’inclou també un capítol dedicat als diferents recursos que han intervingut en el &#xd;
projecte (programari, llenguatges de programació, etc.).&#xd;
&#xd;
A continuació es fa una descripció exhaustiva de l’eina desenvolupada i  de les cinc funcionalitats &#xd;
que s’ha decidit incorporar: la determinació del transitori, el càlcul del nombre de rèpliques, la &#xd;
validació del model, la comparació d'alternatives i el disseny factorial.&#xd;
&#xd;
La memòria finalitza amb un breu estudi de l'impacte ambiental i l’anàlisi econòmica del&#xd;
projecte.&#xd;
Per facilitar les tasques de manteniment i millora de l’eina, es presenta, a mode d’annex, el&#xd;
manual d’ús per als usuaris i el codi complert.&#xd;
&#xd;
Un cop finalitzada l’eina i després de la realització de diverses proves es pot concloure que s’han &#xd;
assolit els objectius que es plantejaven gràcies a la creació d’un document Excel capaç de &#xd;
modificar un model generat amb Arena, recuperar-ne resultats i mètriques i realitzar anàlisis que &#xd;
poden ser de gran ajuda a l’hora de prendre decisions sobre un&#xd;
sistema real.</subfield>
   </datafield>
   <datafield tag="653" ind2=" " ind1=" ">
      <subfield code="a">Àrees temàtiques de la UPC::Informàtica</subfield>
   </datafield>
   <datafield tag="653" ind2=" " ind1=" ">
      <subfield code="a">Flexible manufacturing systems</subfield>
   </datafield>
   <datafield tag="653" ind2=" " ind1=" ">
      <subfield code="a">Discrete-time systems</subfield>
   </datafield>
   <datafield tag="653" ind2=" " ind1=" ">
      <subfield code="a">Sistemes de fabricació flexible</subfield>
   </datafield>
   <datafield tag="653" ind2=" " ind1=" ">
      <subfield code="a">Sistemes de temps discret</subfield>
   </datafield>
   <datafield ind2="0" ind1="0" tag="245">
      <subfield code="a">Desenvolupament d'eines de suport a la simulació basada en esdeveniments discrets de sistemes de fabricació flexible</subfield>
   </datafield>
</record></metadata></record></GetRecord></OAI-PMH>